| 000 | 00458nam a22001817a 4500 | ||
|---|---|---|---|
| 005 | 20240813093435.0 | ||
| 008 | 240813b |||||||| |||| 00| 0 eng d | ||
| 082 |
_a332.6 _bBOD-E |
||
| 100 | _aBodie, ZVI | ||
| 245 |
_aEssentials of Investments/ _cZvi Bodie |
||
| 250 | _a6th ed. | ||
| 300 |
_axv, 728 p.: _bill.; _c23.5 cm. |
||
| 500 | _aInclude index. | ||
| 650 | _aSocial Sciences | ||
| 700 | _aAlex Kane | ||
| 700 | _aAlan J Marcus | ||
| 999 |
_c36387 _d36387 |
||